|
|
|
|
| LEADER |
00000cas a2200000 a 4500 |
| 001 |
vtls001286443 |
| 003 |
SK-MaSNL |
| 005 |
20260228163656.0 |
| 008 |
970513d19771992xo er|p 0 0b0slo d |
| 035 |
|
|
|a SNK000237988
|
| 040 |
|
|
|a SNK
|b slo
|c SNK
|e AACR2
|
| 041 |
0 |
|
|a slo
|
| 044 |
|
|
|a xo
|c SK
|
| 072 |
|
7 |
|a 669
|x Metalurgia
|2 konspekt
|
| 072 |
|
7 |
|a 621
|x Strojárstvo
|2 konspekt
|
| 080 |
|
|
|a 669
|2 2001
|
| 080 |
|
|
|a 621:338.45
|2 2001
|
| 245 |
0 |
0 |
|a Kovovák
|b spravodaj pracujúcich podniku Kovové tkaniny Brezová
|
| 260 |
|
|
|a Brezová pod Bradlom
|b CZV KSS, vedenie podniku, ZV ROH
|c [1977]-1992
|
| 300 |
|
|
|a 16 zv.
|c 30-40 cm
|
| 310 |
|
|
|a 2x týždenne
|
| 362 |
0 |
|
|a Roč. XII, č. 1 (1977)-roč. XVII, č. 19 (1992)
|
| 500 |
|
|
|a Podnázov sa mení
|
| 500 |
|
|
|a Vydavateľské inštitúcie sa menia
|
| 500 |
|
|
|a Zmena formátu od r. 1983 na 42 cm, od r. 1988 na 30 cm
|
| 610 |
2 |
7 |
|a Kovové tkaniny Brezová (Brezová pod Bradlom, Slovensko)
|2 SNKKA
|9 274516
|
| 650 |
0 |
7 |
|a strojárstvo
|2 SNKPH
|9 674
|
| 650 |
0 |
7 |
|a metalurgia
|2 SNKPH
|9 941
|
| 655 |
|
7 |
|a podnikové časopisy
|2 SNKPH
|9 265225
|
| 910 |
|
|
|a snk
|
| 916 |
|
|
|a 1977-1992
|
| 999 |
|
|
|c 10197
|d 12127
|
| 952 |
|
|
|0 0
|1 0
|4 0
|7 0
|a SNK
|b SNK
|d 1997-05-13
|f 1
|l 0
|o snkČSB 2783/12/1977
|p 17A0065121
|r 2005-01-02 00:00:00
|t č. 1-24, neúpl.+ mim.č
|w 2026-02-21
|y PREZ
|z chýba č. 5-7,21,23-24
|
| 952 |
|
|
|0 0
|1 0
|4 0
|7 0
|a SNK
|b SNK
|d 1997-05-13
|f 1
|i snkČSP 586/80
|l 0
|o snkČSB 2783/13/1978
|p 17A0065120
|r 2005-01-02 00:00:00
|t č. 1-22, neúpl.
|w 2026-02-21
|y PREZ
|z chýba č. 4
|
| 952 |
|
|
|0 0
|1 0
|4 0
|7 0
|a SNK
|b SNK
|d 1997-05-13
|f 1
|i snkČSP 588/80
|l 0
|o snkČSB 2783/14/1979
|p 17A0065119
|r 2005-01-02 00:00:00
|t č. 1-22, + mim. č.
|w 2026-02-21
|y PREZ
|
| 952 |
|
|
|0 0
|1 0
|4 0
|7 0
|a SNK
|b SNK
|d 1997-05-13
|f 1
|i snkČSP 370/81
|l 0
|o snkČSB 2783/15/1980
|p 17A0065117
|r 2005-01-02 00:00:00
|t č. 1-22
|w 2026-02-21
|y PREZ
|
| 952 |
|
|
|0 0
|1 0
|4 0
|7 0
|a SNK
|b SNK
|d 1997-01-14
|f 1
|l 0
|o snkČSB 2783/25/1990
|p 17A0031250
|r 2005-01-01 00:00:00
|t č. 1-23
|w 2026-02-21
|y PREZ
|
| 952 |
|
|
|0 0
|1 0
|4 0
|7 0
|a SNK
|b SNK
|d 2014-08-28
|f 1
|i snkČSP 2055/87
|l 0
|o snkČSB 2783/21/1986
|p 17A0949721
|r 2026-02-21 21:44:21
|t č. 1-22
|w 2026-02-21
|y PREZ
|
| 952 |
|
|
|0 0
|1 0
|4 0
|7 0
|a SNK
|b SNK
|d 2014-08-28
|f 1
|i snkČSP 3187/88
|l 0
|o snkČSB 2783/22/1987
|p 17A0949725
|r 2026-02-21 21:44:21
|t č. 1-22
|w 2026-02-21
|y PREZ
|
| 952 |
|
|
|0 0
|1 0
|4 0
|7 0
|a SNK
|b SNK
|d 2014-08-28
|f 1
|i snkČSP 575/89
|l 0
|o snkČSB 2783/23/1988
|p 17A0949726
|r 2026-02-21 21:44:22
|t č. 1-22
|w 2026-02-21
|y PREZ
|
| 952 |
|
|
|0 0
|1 0
|4 0
|7 0
|a SNK
|b SNK
|d 2014-08-28
|f 1
|i snkČSP 1053/90
|l 0
|o snkČSB 2783/24/1989
|p 17A0949722
|r 2026-02-21 21:44:22
|t č. 1-22,+ 2 mim.č.
|w 2026-02-21
|y PREZ
|
| 952 |
|
|
|0 0
|1 0
|4 0
|7 0
|a SNK
|b SNK
|d 2014-08-28
|f 1
|i snkČSP 592/93
|l 0
|o snkČSB 2783/27/1992
|p 17A0865907
|r 2026-02-21 21:44:22
|t č. 1-19,+ mim. č.
|w 2026-02-21
|y PREZ
|
| 952 |
|
|
|0 0
|1 0
|4 0
|7 0
|a SNK
|b SNK
|d 2014-08-28
|f 1
|i snkČSP 2382/92
|l 0
|o snkČSB 2783/26/1991
|p 17A0865859
|r 2026-02-21 21:44:22
|t č. 1-23
|w 2026-02-21
|y PREZ
|
| 952 |
|
|
|0 0
|1 0
|4 0
|7 0
|a SNK
|b SNK
|d 2014-08-27
|f 1
|i snkČSP 455/82
|l 0
|o snkČSB 2783/16/1981
|p 17A0950000
|r 2026-02-21 21:44:22
|t č. 1-22
|w 2026-02-21
|y PREZ
|
| 952 |
|
|
|0 0
|1 0
|4 0
|7 0
|a SNK
|b SNK
|d 2014-08-27
|f 1
|i snkČSP 639/83
|l 0
|o snkČSB 2783/17/1982
|p 17A0949917
|r 2026-02-21 21:44:22
|t č. 1-22, + mim.č
|w 2026-02-21
|y PREZ
|
| 952 |
|
|
|0 0
|1 0
|4 0
|7 0
|a SNK
|b SNK
|d 2014-08-27
|f 1
|i snkČSP 640/84
|l 0
|o snkČSB 2783/18/1983
|p 17A0949914
|r 2026-02-21 21:44:22
|t č. 1-22
|w 2026-02-21
|y PREZ
|
| 952 |
|
|
|0 0
|1 0
|4 0
|7 0
|a SNK
|b SNK
|d 2014-08-27
|f 1
|i snkČSP 711/85
|l 0
|o snkČSB 2783/19/1984
|p 17A0949717
|r 2026-02-21 21:44:22
|t č. 1-22
|w 2026-02-21
|y PREZ
|
| 952 |
|
|
|0 0
|1 0
|4 0
|7 0
|a SNK
|b SNK
|d 2014-08-27
|f 1
|i snkČSP 1217/86
|l 0
|o snkČSB 2783/20/1985
|p 17A0949915
|r 2026-02-21 21:44:23
|t č. 1-22
|w 2026-02-21
|y PREZ
|